LIBRARY & INFORMATION CENTRE, KCAET, TAVANUR

ONLINE PUBLIC ACCESS CATALOGUE (OPAC)

Chyavath ka gaveam chah / (Record no. 2559)

MARC details
000 -LEADER
fixed length control field 00358cam a2200145ua 4500
041 ## - LANGUAGE CODE
Language code of text/sound track or separate title hin
082 ## - DEWEY DECIMAL CLASSIFICATION NUMBER
Classification number 891.43
Item number SHA/CH
100 ## - MAIN ENTRY--AUTHOR NAME
Personal name Sham, D .
245 ## - TITLE STATEMENT
Title Chyavath ka gaveam chah /
260 ## - PUBLICATION, DISTRIBUTION, ETC. (IMPRINT)
Place of publication Varanasi :
Name of publisher Hindi Prachar Pusthakalayam ,
Year of publication 1961.
300 ## - PHYSICAL DESCRIPTION
Number of Pages 420 ; .
942 ## - ADDED ENTRY ELEMENTS (KOHA)
Koha item type Books
Holdings
Withdrawn status Lost status Damaged status Home library Current library Date acquired Full call number Accession Number Koha item type
Withdrawn     KAUAET Sanskrit University 07/04/2012 891.43 10588 Books
free website counter